| 000 | 01072cam a22002777a 4500 | ||
|---|---|---|---|
| 001 | 18065922 | ||
| 003 | OSt | ||
| 005 | 20240530110623.0 | ||
| 008 | 140313s2013 ua a b 001 0deng d | ||
| 020 | _a9789774165719 | ||
| 040 |
_cEG-CaGPL _aEG-CaGPL |
||
| 043 | _af-ua--- | ||
| 082 | 0 | 0 |
_a962.055 _221 _bCC/A C |
| 100 | 1 | _aAbaza, Mona. | |
| 245 | 1 | 4 |
_aThe cotton plantation remembered : _ban Egyptian family story / _cMona Abaza ; with photographs by the author. |
| 260 |
_aCairo : _bAmerican University In Cairo Press, _c2013. |
||
| 300 |
_a295 p. : _bill. (chiefly col.) ; _c25 cm. |
||
| 504 | _aIncludes bibliographical references (p. 281-287) and index. | ||
| 600 | 1 | 0 | _aAbaza family. |
| 650 | 0 |
_aCotton plantation workers _zEgypt. |
|
| 650 | 0 |
_aAgriculture _zEgypt _xHistory. |
|
| 651 | 0 |
_aEgypt _xSocial life and customs. |
|
| 856 | 4 | 2 |
_3Publisher description _uhttp://www.loc.gov/catdir/enhancements/fy1412/2013478427-d.html |
| 856 | 4 | 2 |
_3Contributor biographical information _uhttp://www.loc.gov/catdir/enhancements/fy1412/2013478427-b.html |
| 942 |
_2ddc _cBK |
||
| 999 |
_c63091 _d63091 |
||